| 000 | 01441cam a2200361 i 4500 | ||
|---|---|---|---|
| 001 | 19113704 | ||
| 005 | 20241007151249.0 | ||
| 008 | 160531s2016 enk b 001 0 eng | ||
| 010 | _a 2016943273 | ||
| 020 | _a9780198732297 (pbk.) | ||
| 020 | _a0198732295 (pbk.) | ||
| 040 |
_aDLC _beng _erda _cDLC |
||
| 042 | _apcc | ||
| 043 | _ae-uk-en | ||
| 050 | 0 | 0 |
_aKD680 _b.C53 2016 |
| 082 |
_a340.9 _bHIL |
||
| 100 | 1 |
_aHill, Jonathan, _d1961- _eauthor. _9126271 |
|
| 245 | 1 | 4 |
_aThe conflict of laws / _cJonathan Hill, LLB, LLM, PhD, Professor of Law, University of Bristol; Máire Ní Shúilleabháin, BCL, LLM, PhD, Assistant Professor of Law, University College Dublin. |
| 246 | 3 | _aThe conflict of laws. | |
| 250 | _aFifth edition. | ||
| 264 | 1 |
_aOxford, United Kingdom ; _aNew York, NY : _bOxford University Press, _c[2016] |
|
| 300 |
_alii, 540 pages ; _c25 cm |
||
| 336 |
_atext _btxt _2rdacontent |
||
| 337 |
_aunmediated _bn _2rdamedia |
||
| 338 |
_avolume _bnc _2rdacarrier |
||
| 504 | _aIncludes bibliographical references and index. | ||
| 650 | 0 |
_aConflict of laws _zEngland. _9126272 |
|
| 700 | 1 |
_aNi Shuilleabhain, Maire _q(Maire Treasa) _eauthor. _9126273 |
|
| 700 | 1 |
_aClarkson, C. M. V. _q(Christopher M. V.). _tConflict of laws. _9126274 |
|
| 906 |
_a7 _bcbc _corigcop _d2 _eepcn _f20 _gy-gencatlg |
||
| 942 |
_2ddc _cBK |
||
| 999 |
_c611988 _d611988 |
||